La ciencia del suelo y su manejo

Spremljeno u:
Bibliografski detalji
Glavni autor: Plaster, Edward J
Format: Knjiga
Jezik:španjolski
Izdano: Madrid Paraninfo 2000
Teme:
Oznake: Dodaj oznaku
Bez oznaka, Budi prvi tko označuje ovaj zapis!

MARC

LEADER 00000nam a2200000 a 4500
001 UCL3204
003 CL-VaPUC
005 20240924124019.0
008 031114e20000000SP |||||||||||||||||spa|d
999 |c 306320  |d 306318 
020 |a 8428326436 
040 |c Pontificia Universidad Católica de Valparaíso 
082 0 4 |a 631.4 PLA 2000  |2 21 
100 0 |a Plaster, Edward J  |9 480454 
245 1 3 |a La ciencia del suelo y su manejo 
260 |a Madrid  |b Paraninfo  |c 2000 
300 |a 419 páginas 
583 |a last modification  |c 20031114 00:00:00  |k Rodrigo Vera 
650 7 |a EDAFOLOGIA  |2 CL-VaPUC  |9 480455 
650 0 |a Propiedades del suelo  |9 350106 
650 0 |a Agua del suelo   |9 348474 
650 0 |a Fertilidad del agua   |9 264571 
650 0 |a Conservación del suelo  |9 363984 
942 |c BK  |2 ddc 
945 |d 20031114 00:00:00  |a cmena 
952 |0 0  |1 0  |2 ddc  |4 0  |6 631_400000000000000_PLA_2000  |7 0  |8 A  |9 371255  |a BIBAGR  |b BIBAGR  |d 2019-11-21  |i 4013743  |l 1  |o 631.4 PLA 2000  |p 4013743  |q 2025-05-14  |r 2025-05-07  |s 2025-05-07  |t 3  |w 2019-11-21  |y BK  |k AGR 
952 |0 0  |1 0  |2 ddc  |4 0  |6 631_400000000000000_PLA_2000  |7 0  |8 A  |9 371256  |a BIBCUR  |b BIBCUR  |d 2019-11-21  |i 404911K  |o 631.4 PLA 2000  |p 404911K  |r 2025-04-22  |t 2  |w 2019-11-21  |y BK  |k BIO